Vznik kapitálového trhu únie
Vznik kapitálového trhu únie patrí medzi priority novej Európskej komisie. Hlavným motívom na vytvorenie kapitálového trhu únie je prínos k rastu a zamestnanosti v štátoch Európskej únie a odstránenie vysokej závislosti európskeho podnikateľského prostredia od bankového financovania vo forme úverov...
Gespeichert in:
| 1. Verfasser: | |
|---|---|
| Format: | Buchkapitel |
| Sprache: | Slowakisch |
| Schlagworte: | |
| Tags: |
Keine Tags, Fügen Sie das erste Tag hinzu!
|
MARC
| LEADER | 00000nla a2200000 4500 | ||
|---|---|---|---|
| 001 | 0213543 | ||
| 005 | 20240502073549.3 | ||
| 041 | 0 | |a slo | |
| 044 | |a SK | ||
| 245 | 1 | 0 | |a Vznik kapitálového trhu únie |c Dagmar Sulejmani |
| 520 | |a Vznik kapitálového trhu únie patrí medzi priority novej Európskej komisie. Hlavným motívom na vytvorenie kapitálového trhu únie je prínos k rastu a zamestnanosti v štátoch Európskej únie a odstránenie vysokej závislosti európskeho podnikateľského prostredia od bankového financovania vo forme úverov a snaha viac zapojiť do investičnej činosti kapitálové trhy. | ||
| 610 | 2 | 0 | |a Európska únia |
| 610 | 2 | 0 | |a trh kapitálový medzinárodný |
| 610 | 2 | 0 | |a investície zahraničné |
| 610 | 2 | 0 | |a pohyb kapitálu |
| 610 | 2 | 0 | |a kapitál zahraničný |
| 610 | 2 | 0 | |a styk zúčtovací medzinárodný |
| 100 | 1 | |a Sulejmani, Dagmar, 1975- | |